Agendas on Urbanism. MVRDV
Saved in:
| Format: | Book |
|---|---|
| Language: | English |
| Published: |
Equal Books,
2012
|
| Subjects: | |
| Tags: |
No Tags, Be the first to tag this record!
|
MARC
| LEADER | 00000nam a22000003a 4500 | ||
|---|---|---|---|
| 001 | stu266999 | ||
| 005 | 20141123174207.4 | ||
| 008 | 130522s2012------------------------eng-d | ||
| 020 | |a 978-89-97603-00-8 | ||
| 040 | |a STU |b slo | ||
| 041 | 0 | |a eng | |
| 245 | |a Agendas on Urbanism. MVRDV | ||
| 260 | |b Equal Books, |c 2012 | ||
| 300 | |a 530 s | ||
| 650 | 7 | |a MVRDV projektová kacelária |2 stusub | |
| 650 | 7 | |a urbanizmus sídiel |2 stusub | |
| 996 | |b 284AU05716 |c A*8507 U |l AAKNST |s P |a 0 |w stu266999_0001 | ||